000 00796nam a2200265Ia 4500
003 OSt
005 20221006142210.0
006 a|||||r|||| 00| 0
007 ta
008 221006b |||||||| |||| 00| 0 eng d
020 _c1437.00
024 _a5,634
037 _cTextual
040 _aEASL
_cEASL
_beng
041 _2eng
_aeng
082 _aY31.41Y2.N85, M6
100 _aFAURE David
245 0 _aStructure of Chinese rural society
_b Lineage and village in the eastern new territories, Hong Kong
260 _aHong Kong
_bOxford University Press
_c1986
300 _a273p.
_ccm.
490 _v CEL
_aEast Asian Historical Monographs
650 _aRural China
_9647157
942 _hY31.41Y2.N85, M6
_cTEXL
_2CC
999 _c1073720
_d1073720